L'Etrange Cas de l'assassinat de Katie la Fêlée / (Record no. 3618)

MARC details
000 -LEADER
fixed length control field 01164cam a2200313 4500
001 - CONTROL NUMBER
control field 3618
003 - CONTROL NUMBER IDENTIFIER
control field http://catalogue.bnf.fr/ark:/12148/cb41101492m
005 - DATE AND TIME OF LATEST TRANSACTION
control field 20240328134450.0
008 - FIXED-LENGTH DATA ELEMENTS--GENERAL INFORMATION
fixed length control field 240328b cb ||||| |||| 00| 0 fre d
010 ## - LIBRARY OF CONGRESS CONTROL NUMBER
LC control number 978-2-226-17790-2
NUCMC control number br.
020 ## - INTERNATIONAL STANDARD BOOK NUMBER
International Standard Book Number 9782226177902
040 ## - CATALOGING SOURCE
Original cataloging agency FISKH
Language of cataloging eng
Transcribing agency FISKH
Modifying agency FISKH
050 ## - LIBRARY OF CONGRESS CALL NUMBER
Classification number PZ7.A1675
082 ## - DEWEY DECIMAL CLASSIFICATION NUMBER
Classification number 813.6
100 ## - MAIN ENTRY--PERSONAL NAME
Personal name Abrahams, Peter
245 ## - TITLE STATEMENT
Title L'Etrange Cas de l'assassinat de Katie la Fêlée /
Statement of responsibility, etc. Peter Abrahams
246 ## - VARYING FORM OF TITLE
Title proper/short title Down the rabbit hole /
Remainder of title an echo falls mystery
250 ## - EDITION STATEMENT
Edition statement Éditions Albin Michel, 2007
260 ## - PUBLICATION, DISTRIBUTION, ETC.
Place of publication, distribution, etc. New York :
Name of publisher, distributor, etc. Harper Collins,
Date of publication, distribution, etc. 2005
300 ## - PHYSICAL DESCRIPTION
Extent 375 pages :
Dimensions 22 cm.
321 ## - FORMER PUBLICATION FREQUENCY
Former publication frequency La Revue des livres pour enfants
321 ## - FORMER PUBLICATION FREQUENCY
Former publication frequency La Revue des livres pour enfants. Sélection annuelle
410 #0 - SERIES STATEMENT/ADDED ENTRY--CORPORATE NAME [OBSOLETE, CAN/MARC], [LOCAL, USA]
Title of a work Wiz (Paris)
International Standard Serial Number 1637-0236
Date of meeting or treaty signing 2007
520 ## - SUMMARY, ETC.
Summary, etc. Like her idol Sherlock Holmes, eighth grader Ingrid Levin-Hill uses her intellect to solve a murder case in her home town of Echo Falls.
700 ## - ADDED ENTRY--PERSONAL NAME
Materials specified 14021301
Arranged statement for music ISNI0000000114445519
Personal name Abrahams
Numeration Peter
Date of a work 1947-....
Relationship 070
930 ## - EQUIVALENCE OR CROSS-REFERENCE-UNIFORM TITLE HEADING [LOCAL, CANADA]
Uniform title 2007-168764
Date of treaty signing O
930 ## - EQUIVALENCE OR CROSS-REFERENCE-UNIFORM TITLE HEADING [LOCAL, CANADA]
Uniform title 8-CNLJ-4484
Date of treaty signing O
942 ## - ADDED ENTRY ELEMENTS (KOHA)
Source of classification or shelving scheme Dewey Decimal Classification
Koha item type Books
Suppress in OPAC No
Holdings
Withdrawn status Lost status Source of classification or shelving scheme Damaged status Not for loan Collection Home library Current library Shelving location Date acquired Total Checkouts Full call number Barcode Date last seen Price effective from Koha item type
    Dewey Decimal Classification     Fiction Footprints International School Library Network Toul Kork Campus Footprints International School Library Network Toul Kork Campus TK Floor 4 Rear Hallway Shelf 1 (Adult/Secondary Foriegn Language/Khmer) 03/28/2024   ABR 813.6 PZ7.A1675 2024-0418 03/28/2024 03/28/2024 Books